| 000 | 00626nam a2200193 i 4500 | ||
|---|---|---|---|
| 001 | 35132 | ||
| 003 | ES-MaACL | ||
| 005 | 20230906155048.0 | ||
| 007 | t| | ||
| 008 | 030212s1943 sp ||||1| spa d | ||
| 100 | 1 |
_aBoter y Mauri, Fernando. _930765 |
|
| 245 | 1 | 0 |
_aProblemas y ejercicios de contabilidad / _cFernando Boter Mauri. |
| 260 |
_aMadrid, etc. : _bJosé Fendrera, _c1943 ( _eBarcelona : _fAtenas, A.G) |
||
| 300 |
_a131 p. ; _c21 cm. |
||
| 490 | 1 | _aBiblioteca de iniciación comercial | |
| 830 | 0 |
_aBiblioteca de iniciación comercial _9229527 |
|
| 852 |
_aES-MaACL _jC-4232 _bR.23842 |
||
| 999 |
_c35132 _d35132 |
||